| 000 | 00491nam a2200145 4500 | ||
|---|---|---|---|
| 008 | 240228b |||||||| |||| 00| 0 eng d | ||
| 082 |
_a303.485 _bWIC |
||
| 100 | _aWicramatillake, H.D. | ||
| 245 | _aPost tsunami strains on the family structure | ||
| 260 |
_aNarahenpita: _bMinistry of child development and women's empowerment-National committee on women |
||
| 300 |
_a15 p. _bBibliography inclued |
||
| 500 | _aA research paper. | ||
| 650 | _aPost tsunami recovery- Sri Lanka | ||
| 942 | _cRP | ||
| 999 |
_c4830 _d4830 |
||